| 000 -LEADER |
| fixed length control field |
01358nam a22001577a 4500 |
| 008 - FIXED-LENGTH DATA ELEMENTS--GENERAL INFORMATION |
| fixed length control field |
230221b ||||| |||| 00| 0 eng d |
| 100 ## - MAIN ENTRY--PERSONAL NAME |
| Personal name |
Pavlic, Rodolfo Disi and Toro, Edgar Rebolledo |
| 245 ## - TITLE STATEMENT |
| Title |
Implementing local participatory institutions: Evidence from the Chilean communes |
| 260 ## - PUBLICATION, DISTRIBUTION, ETC. (IMPRINT) |
| Place of publication, distribution, etc |
Local Government Studies |
| 300 ## - PHYSICAL DESCRIPTION |
| Extent |
48(1), Feb, 2022: p.107-128 |
| 520 ## - SUMMARY, ETC. |
| Summary, etc |
This article analyses the factors shaping the implementation of local participatory institutions (LPI) using evidence from Chile’s 345 communes. Based on the literature on participatory politics, it identifies several factors associated with the implementation of LPI, which are categorised into two dimensions: municipal supply vs. civic demand, and capacity vs. agency. Regression analyses show that explanations emphasising social structure, and to a lesser extent, municipal capacity, have more explanatory power than the ones emphasising municipal and social agency. Specifically, municipal financial and professional capacity, and local poverty and population size have important effects on LPI implementation.- Reproduced |
| 650 ## - SUBJECT ADDED ENTRY--TOPICAL TERM |
| Topical term or geographic name as entry element |
Participatory instructions, Citizen participation, Transparency, Local governance, Subnational politics, Children politics. |
| 9 (RLIN) |
35713 |
| 773 ## - HOST ITEM ENTRY |
| Main entry heading |
Local Government Studies |
| 906 ## - LOCAL DATA ELEMENT F, LDF (RLIN) |
| Subject DIP |
LOCAL GOVERNMENT |
| 942 ## - ADDED ENTRY ELEMENTS (KOHA) |
| Item type |
Articles |